000 00848nam a2200217 u 4500
001 000595790
003 AM-YeHGA
005 20250617141734.0
008 080822s1965 ru r 000 0 rus d
040 _aAM-YeHGA
041 0 _arus
245 0 0 _aСельскохозяйственное образование за рубежом /
_cИ.Ф. Гаркуша, В.Ф. Красота, Б.А. Рунов и др.
260 _aМосква :
_bКолос,
_c1965.
300 _a167 с. ;
_c17 см.
650 1 4 _aСельское хозяйство
_xВысшее сельскохозяйственное образование
650 1 4 _aВысшее сельскохозяйственное образование
700 1 _aГаркуша, И.Ф.
700 1 _aКрасота, В.Ф
700 1 _aРунов, Б.А.
090 _c245884
999 _c244299
_d244299